Drapeaux des pays commençant par M - Statistiques

Statistiques générales
  • Ce quiz a été pris 322 fois
    291 depuis la dernière actualisation
  • Le résultat moyen est 13 sur 16
Statistiques - réponses
Par images Réponse % Correct
Maroc
99%
Mexique
99%
Macédoine du Nord
95%
Monaco
93%
Malaisie
91%
Mali
91%
Malte
91%
Moldavie
88%
Mauritanie
84%
Monténégro
83%
Madagascar
80%
Mozambique
79%
Mongolie
76%
Malawi
68%
Maldives
63%
Maurice
58%
Aucun quiz correspondant
Distribution des résultats
% des personnes avec chaque résultat
Percentile par nombre de réponses
Votre historique - résultats
Vous n’avez pas pris ce quiz depuis la dernière actualisation